01292nam a2200289Ia 450000500170000000800410001704000550005804100080011310000240012124500990014526000430024430000180028749000870030565000340039265000360042665000260046265000360048870000170052470000160054170000170055770000170057471000420059174000960063374001030072974000880083274000820092020211130153942.0130821s1963 ne grff eng  aCo-BoUCMbspacDeissy Garcia (modificó)d[Nuevo]00aeng1 aGraveson, Ronald H.10aComparative aspects of the general principles or private international lawcRonald H. Graveson aLeiden (Holanda)bA. W. Sijthoffc1963 a605 páginas0 aRecueil des Cours Collected Courses of the Hague Academy of International Lawv10904aDerecho internacional privado04aDerecho internacional público04aDerecho internacional04aDerecho internacionalvManuales12aGoedhuis, D.12aGoldman, B.12aPetrén, S.12aShachter, O.2 aAcadémie de Droit International Law02aConfiscation of foreing property and intrenational claims arising therefrom / S. Petrén.02aConflicts of law and divergencies in the legal regimes of air space and outer space / D. Goedhuis.02aConflicts of law international arbitration of a private law character / B. Goldman.42aThe relation of law, politics and action in the United Nations / O. Shachter.